| 000 | 00780nam a2200253Ia 4500 | ||
|---|---|---|---|
| 999 |
_c45457 _d45457 |
||
| 001 | 12282 | ||
| 003 | GE_BSU | ||
| 005 | 20221117151852.0 | ||
| 008 | 181216s2012en xx |||||||||||||| ||eng|| | ||
| 020 | _a9780765626400 x | ||
| 040 | _cGE_BSU | ||
| 041 | _aeng | ||
| 080 | _a658 S-17 | ||
| 245 |
_aSales Management: Analysis and Decision making / _cThomas N. Ingram, Raymond W.Loforge, Ramon A. Avila |
||
| 264 |
_aNew York _bArmonk M.E.Sharpe, _c2012. |
||
| 300 |
_a398 p.: _b28 cm. |
||
| 653 | _aSales Management | ||
| 653 | _aგაყიდვების მენეჯმენტი | ||
| 653 | _aმენეჯმენტი | ||
| 700 |
_aThomas N. Ingram, _915893 |
||
| 700 |
_aRaymond W.Loforge, _915894 |
||
| 700 |
_aRamon A. Avila _915895 |
||
| 942 |
_cBK _2udc |
||